000 00576nam a2200205Ii 4500
001 10565
003 CO-ViMGA
008 241108s9999||||xx |||||||||||||| ||und||
040 _aCO-ViMGA
_bspa
_erda
_cCO-ViMGA
041 0 _aunk
082 0 4 _a923-T356
100 1 _aTácito
_957110
245 1 0 _aHistorias
264 1 _a[Lugar de publicación no identificado] : Espasa Calpe, 1947
300 _avolumen
336 _atext
_btxt
_2rdacontent
337 _aunmediated
_bn
_2rdamedia
338 _avolume
_bnc
_2rdacarrier
940 _aidficha_siabuc: 10312. -- ficha_no_siabuc:10565
999 _c55357
_d55357